[Event "Treviso op-A 1st"]
[Site "Treviso"]
[Date "2017.03.18"]
[Round "3.15"]
[White "Balzan, Alessandro"]
[Black "Luciani, Valerio"]
[Result "1-0"]
[WhiteElo "2006"]
[BlackElo "2221"]
[PlyCount "79"]
[EventDate "2017.03.17"]
[EventType "swiss"]
[EventRounds "5"]
[EventCountry "ITA"]
[SourceTitle "EXT 2024"]
[Source "ChessBase"]
[SourceDate "2023.10.10"]
[SourceVersion "1"]
[SourceVersionDate "2023.10.10"]
[SourceQuality "1"]

1. e4 e6 2. d4 d5 3. exd5 exd5 4. Bd3 Nc6 5. c3 Bd6 6. Ne2 Qh4 7. Be3 Bg4 8. Nd2 Nge7 9. Qc2 g6 10. g3 Qf6 11. 0-0-0 Nf5 12. Rde1 0-0-0 13. h3 Nxe3 14. fxe3 Bxe2 15. Rxe2 Bxg3 16. Kb1 Rhf8 17. e4 dxe4 18. Nxe4 Qh4 19. Qa4 Bd6 20. d5 Nb4 21. cxb4 Kb8 22. Nxd6 Rxd6 23. Re8+ Rd8 24. Rxf8 Rxf8 25. Qb5 Rd8 26. a4 Qd4 27. Bc2 a6 28. Qe2 Qxb4 29. Rd1 f5 30. Qe5 h5 31. Rd4 Qb6 32. h4 Rd6 33. Rd1 Rd8 34. Qe6 Rd6 35. Qg8+ Ka7 36. Qg7 Rf6 37. a5 Qd6 38. Re1 b6 39. Re7 Kb7 40. Rxc7+ 1-0

[Event "Treviso op-A 1st"]
[Site "Treviso"]
[Date "2017.03.17"]
[Round "1.17"]
[White "Balzan, Alessandro"]
[Black "Gerola, Fausto"]
[Result "0-1"]
[WhiteElo "2006"]
[BlackElo "2198"]
[PlyCount "44"]
[EventDate "2017.03.17"]
[EventType "swiss"]
[EventRounds "5"]
[EventCountry "ITA"]
[SourceTitle "EXT 2024"]
[Source "ChessBase"]
[SourceDate "2023.10.10"]
[SourceVersion "1"]
[SourceVersionDate "2023.10.10"]
[SourceQuality "1"]

1. e4 e5 2. Nf3 Nc6 3. Bc4 Nf6 4. Nc3 Nxe4 5. Nxe4 d5 6. Nc3 dxc4 7. Qe2 Bd6 8. Qxc4 Be6 9. Qe2 0-0 10. d3 h6 11. Be3 Qe7 12. h3 f5 13. 0-0-0 Qf7 14. b3 a5 15. d4 e4 16. d5 exf3 17. dxe6 Qf6 18. Qc4 fxg2 19. Rhe1 Rfe8 20. Bd4 Nxd4 21. Rxd4 Qg5+ 22. f4 g1Q 0-1

[Event "Mestre Cipressina op-A 4th"]
[Site "Mestre"]
[Date "2015.11.29"]
[Round "5"]
[White "Balzan, Alessandro"]
[Black "Mileto, Gabriele"]
[Result "1/2-1/2"]
[WhiteElo "2030"]
[BlackElo "2150"]
[PlyCount "115"]
[EventDate "2015.11.27"]
[EventType "swiss"]
[EventRounds "5"]
[EventCountry "ITA"]
[SourceTitle "EXT 2022"]
[Source "ChessBase"]
[SourceDate "2021.10.06"]
[SourceVersion "1"]
[SourceVersionDate "2021.10.06"]
[SourceQuality "1"]

1. d4 Nf6 2. Nf3 g6 3. g3 Bg7 4. Bg2 0-0 5. 0-0 d6 6. c4 c6 7. Nbd2 Nbd7 8. Qc2 e5 9. dxe5 dxe5 10. Rd1 Qc7 11. Ng5 Nc5 12. b4 Ne6 13. Nxe6 Bxe6 14. Bb2 Rfd8 15. Ne4 Nxe4 16. Bxe4 f5 17. Bg2 Qf7 18. c5 Rxd1+ 19. Rxd1 Bxa2 20. Rd6 Re8 21. Qd2 Be6 22. b5 cxb5 23. c6 e4 24. Bxg7 Kxg7 25. cxb7 Qxb7 26. f3 Bf7 27. fxe4 fxe4 28. Qd4+ Kg8 29. Rd8 Qb6 30. Qxb6 axb6 31. Rd6 Bc4 32. Rxb6 Bxe2 33. Kf2 Bd3 34. Ke3 Kf7 35. Bh3 Re5 36. Kd4 Re8 37. Ke3 Ra8 38. Bd7 Ra3 39. Bc6 Rc3 40. Bxe4 Bxe4+ 41. Kxe4 Rc5 42. Kd4 Rh5 43. h4 Rf5 44. Ke4 h5 45. Rb7+ Kf6 46. Rb6+ Kg7 47. Rb7+ Kh6 48. Rb6 Rc5 49. Rb8 Rc4+ 50. Ke5 Rc3 51. Rxb5 Rxg3 52. Rb4 Rg1 53. Rc4 Rg2 54. Rb4 Rf2 55. Rc4 Kg7 56. Rb4 Rg2 57. Rb7+ Kh6 58. Rb4 1/2-1/2

[Event "Venice Autumn op 22nd"]
[Site "Venice"]
[Date "2015.10.30"]
[Round "1"]
[White "Balzan, Alessandro"]
[Black "Mrdja, Milan"]
[Result "0-1"]
[WhiteElo "2030"]
[BlackElo "2349"]
[PlyCount "74"]
[EventDate "2015.10.30"]
[EventType "swiss"]
[EventRounds "5"]
[EventCountry "ITA"]
[SourceTitle "CBM 169 Extra"]
[Source "ChessBase"]
[SourceDate "2015.12.18"]
[SourceVersion "1"]
[SourceVersionDate "2015.12.18"]
[SourceQuality "1"]

1. d4 g6 2. g3 Bg7 3. Bg2 d5 4. Nf3 Nf6 5. c4 dxc4 6. Nc3 0-0 7. 0-0 Nc6 8. e3 Nd7 9. Nd2 Nb6 10. Qe2 e5 11. d5 Ne7 12. Nxc4 Nxc4 13. Qxc4 Nf5 14. Bd2 Nd6 15. Qe2 Bd7 16. Rfe1 f5 17. a4 e4 18. Rac1 a6 19. f3 exf3 20. Bxf3 Re8 21. Qd3 b5 22. b3 Rb8 23. axb5 axb5 24. Ne2 Nf7 25. Bc3 Ne5 26. Bxe5 Bxe5 27. Nd4 Qg5 28. Bg2 Bd6 29. Nc6 Bxc6 30. dxc6 Re5 31. Qd4 Rbe8 32. Kh1 h5 33. Bd5+ Kh7 34. Rc3 Qe7 35. Re2 Bb4 36. Rcc2 Rd8 37. e4 Rdxd5 0-1

[Event "Chioggia op-A 09th"]
[Site "Chioggia"]
[Date "2014.10.12"]
[Round "4"]
[White "Bergamasco, Tommaso"]
[Black "Balzan, Alessandro"]
[Result "0-1"]
[WhiteElo "2073"]
[BlackElo "1921"]
[PlyCount "64"]
[EventDate "2014.10.10"]
[EventType "swiss"]
[EventRounds "5"]
[EventCountry "ITA"]
[SourceTitle "EXT 2022"]
[Source "ChessBase"]
[SourceDate "2021.10.06"]
[SourceVersion "1"]
[SourceVersionDate "2021.10.06"]
[SourceQuality "1"]

1. e4 c5 2. Nf3 e6 3. d4 cxd4 4. Nxd4 Nf6 5. Bd3 Nc6 6. Nxc6 bxc6 7. 0-0 d5 8. e5 Nd7 9. Qe2 Qc7 10. f4 Be7 11. Qg4 g6 12. Nd2 Bb7 13. Nb3 0-0-0 14. c3 c5 15. Be2 h5 16. Qg3 h4 17. Qf2 c4 18. Nd4 Nc5 19. Qe1 Nd7 20. Be3 Bc5 21. Kh1 g5 22. Nb5 Qa5 23. Bxc5 Qxb5 24. Bxa7 h3 25. Bf3 g4 26. Bxg4 hxg2+ 27. Kxg2 d4+ 28. Kg3 Qd5 29. Qf2 Rdg8 30. h3 f5 31. exf6 Nxf6 32. f5 Ne4+ 0-1